00519nam a2200169 i 450000100060000000300090000600500170001500700030003200800410003510000290007624500670010526000620017230000300023460000440026470000200030885200210032836974ES-MaACL20251013202422.0t|030219s1913 fr ||||1| fre d1 aBrunetière, Ferdinand.10aBossuet / cFerdinand Brunetière ; preface de Victor Giraud. a[S.l. : bs.n., c1913] (eCouloummiers : fPaul Brodard) aXXVIII, 284 p. ; c19 cm.14aBossuet, Jacques Bénigne, d1627-17041 aGiraud, Victor. aES-MaACLjF-9080